Water, culture and identity: (Record no. 762)
[ view plain ]
| 000 -LEADER | |
|---|---|
| fixed length control field | 00586nam a2200193 4500 |
| 003 - CONTROL NUMBER IDENTIFIER | |
| control field | OSt |
| 005 - DATE AND TIME OF LATEST TRANSACTION | |
| control field | 20141118134056.0 |
| 008 - FIXED-LENGTH DATA ELEMENTS--GENERAL INFORMATION | |
| fixed length control field | 141118b xxu||||| |||| 00| 0 eng d |
| 020 ## - INTERNATIONAL STANDARD BOOK NUMBER | |
| International Standard Book Number | 9788274530805 |
| 040 ## - CATALOGING SOURCE | |
| Transcribing agency | 040a |
| 082 ## - DEWEY DECIMAL CLASSIFICATION NUMBER | |
| Edition number | 22 |
| Classification number | 551.45 |
| Item number | OES 2009 |
| 100 ## - MAIN ENTRY--PERSONAL NAME | |
| Personal name | Oestigaard, Terje |
| 9 (RLIN) | 2038 |
| 245 ## - TITLE STATEMENT | |
| Title | Water, culture and identity: |
| Remainder of title | comparing past and present traditions in the Nile basin region / |
| Statement of responsibility, etc. | Terje Oestigaard |
| 260 ## - PUBLICATION, DISTRIBUTION, ETC. (IMPRINT) | |
| Place of publication, distribution, etc. | Bergen |
| Name of publisher, distributor, etc. | BRIC Press |
| Date of publication, distribution, etc. | 2009 |
| 300 ## - PHYSICAL DESCRIPTION | |
| Extent | v, 272p ; |
| Other physical details | ill : |
| Dimensions | 12 cm. |
| 504 ## - BIBLIOGRAPHY, ETC. NOTE | |
| Bibliography, etc | includes index |
| 650 ## - SUBJECT ADDED ENTRY--TOPICAL TERM | |
| Topical term or geographic name as entry element | Water and culture |
| 9 (RLIN) | 2039 |
| 942 ## - ADDED ENTRY ELEMENTS (KOHA) | |
| Source of classification or shelving scheme | Dewey Decimal Classification |
| Koha item type | Short Loan |
| Withdrawn status | Lost status | Source of classification or shelving scheme | Damaged status | Not for loan | Home library | Current library | Date acquired | Inventory number | Total Checkouts | Full call number | Barcode | Date last seen | Price effective from | Koha item type | Source of acquisition | Date last checked out |
|---|---|---|---|---|---|---|---|---|---|---|---|---|---|---|---|---|
| Dewey Decimal Classification | MUST Main Library | MUST Main Library | 18/11/2014 | 2013/36977 | 551.45 OES 2009 | 2014-3381 | 18/11/2014 | 18/11/2014 | Short Loan | |||||||
| Dewey Decimal Classification | MUST Main Library | MUST Main Library | 21/04/2021 | 2011/33295 | 1 | 551.45 OES 2009 | 2021-0439 | 23/04/2021 | 21/04/2021 | Open Shelf | Purchase | 21/04/2021 |
